000 00764nam a2200229 i 4500
001 115018
003 ES-MaACL
005 20230906190316.0
007 t|
008 070219s1930 sp ||||1| spa d
100 1 _aHuart, Clément.
_964465
245 1 0 _aPersia antigua y la civilización irania /
_cpor Clemente Huart ; traducción Elias Serra Rafols.
260 _aBarcelona :
_bCervantes,
_c1930.
300 _aXCII, 389 p. :
_bil ;
_c21 cm.
490 1 _aLa evolución de la humanidad ;
_v24
500 _aCon 45 figuras y un mapa en el texto.
651 4 _aIrán-
_xCivilización.
_98850
700 0 _aSerra Ràfols, Elías.
_9105653
830 0 _aLa evolución de la humanidad ;
_v24
_9185926
852 _aES-MaACL
_jC-29099
999 _c115018
_d115018